00473nam a2200157Ia 4500003000900000008004100009020001800050040001600068080001500084100001800099245010100117260003400218300001400252650004100266650000800307IN-BaIIA211028s9999 xx 000 0 eng d a0-571-11659-0 cIIA Library a523.9bMIT aMitton, Simon 0aDaytime starbthe story of our suncSimon Mitton  aLondonbFaber and Faberc1981 axv, 191p. aAstronomy and astrophysics thesaurus aSun